000 00387nam a2200169Ia 4500
008 230725s2007 xx 000 0 und d
041 _aeng
082 _a576
_bPEL
100 _aPELCZAR MICHAEL
245 _aMICROBIOLOGY
260 _bTATA McGRAW HILL
_c2007
300 _a918
365 _h20%
500 _aTEXT BOOK
501 _aMICRO
650 _aPHARMACEUTICAL MICROBIOLOGY
999 _c769845
_d769845